Surveys of African economies : Dahomey, Ivory Coast, Mauritania, Niger, Senegal, Togo, and Upper Volta

Αποθηκεύτηκε σε:
Λεπτομέρειες βιβλιογραφικής εγγραφής
Μορφή: Βιβλίο
Γλώσσα:Undetermined
Έκδοση: Washington 1969
Θέματα:
Ετικέτες: Προσθήκη ετικέτας
Δεν υπάρχουν, Καταχωρήστε ετικέτα πρώτοι!
Thư viện lưu trữ: Trung tâm Học liệu Trường Đại học Cần Thơ
LEADER 00483nam a2200157Ia 4500
001 CTU_82142
008 210402s9999 xx 000 0 und d
082 |a 330.96 
082 |b S963/Vol.3 
245 0 |a Surveys of African economies : 
245 0 |b Dahomey, Ivory Coast, Mauritania, Niger, Senegal, Togo, and Upper Volta 
260 |a Washington 
260 |c 1969 
650 |a Economic conditions 
904 |i Trọng Hải 
980 |a Trung tâm Học liệu Trường Đại học Cần Thơ